000 00770nam a22002297a 4500
003 dpl
005 20170124110301.0
008 161020b xxu||||| |||| 00| 0 eng d
010 _a666421
035 _a666421
037 _bCen Lib / Ret
040 _aDPL
_bEN
_cTIT
082 _a081
_bNEH
100 _aNehru, Jawaharlal
245 _aSelected works of Jawaharlal Nehru /
_cby Jawaharlal Nehru
260 _aNew Delhi
_bOrient Longman
_c1972
270 _a3/5 Asaf Ali Road
_bNew Delhi
300 _av 1. 410 ; v 2. 469 ; ; v 3. 445 v 4. 610 v 5. 598 ; v 9. 703 ; v 10. 693 ; v 14. 655 ; v 15. 759 ;
_b25cm(Hb)
650 _aNehru, Jawaharlal, -- 1889-1964.
650 _aNehru, Jawaharlal, -- 1889-1964.
942 _2ddc
_cEN
_h081
_mNEH
999 _c136443
_d136443